000 00541nam a2200205Ia 4500
005 20250923145936.0
008 008 250917s9999 xx 000 0 eng d
037 _aTextual
040 _aDSWL
_beng
_cDSWL
041 _aeng
_2eng
084 _aY:g, N95
_qDSWL
100 _aCalhoun, C.
_9840547
245 0 _aCritical social theory
_c by C. Calhoun
260 _aOxford
_bU.K. and U.S.A.
_c1995
300 _ax,326p.
365 _aGBP
_b14.99
925 _g14.99
942 _cTEXL
_hY:g, N95
999 _c1457627
_d1457627